[Event "Challenge"]
[Site "http://www.queenalice.com/game.php?id=472542"]
[Date "2008.10.4"]
[Round "-"]
[White "WALECKI"]
[Black "eduardosouza"]
[Result "1-0"]
[WhiteElo "1880"]
[BlackElo "1156"]

1. e4 Nc6 2. Nc3 g5 3. d4 Nf6 4. Bxg5 Nh5 5. Qxh5 Bg7 6. Bc4 O-O 7. Nf3 Nxd4 8.
Nxd4 Bxd4 9. Bh6 a5 10. Bxf8 Qxf8 11. O-O Qg7 12. Qh4 d6 13. Qg3 Bg4 14. h3 h5
15. hxg4 hxg4 16. Ne2 a4 17. Nxd4 e5 18. Nf5 Qg6 19. Be2 Ra5 20. Ne7+ Kf8 21.
Nxg6+ fxg6 22. f3 Rc5 23. fxg4+ Ke8 24. Qh4 Kd7 25. Rf7+ Kc6 26. Qd8 Rxc2 27.
Qxc7# 1-0

[Event "Challenge"]
[Site "http://www.queenalice.com/game.php?id=472555"]
[Date "2008.10.4"]
[Round "-"]
[White "WALECKI"]
[Black "Thyba"]
[Result "1-0"]
[WhiteElo "1880"]
[BlackElo "1619"]

1. e4 c5 2. d3 Nc6 3. Nf3 d6 4. g3 g6 5. Bg2 Bg7 6. O-O Nf6 7. Re1 O-O 8. Nbd2
Rb8 9. c3 b5 10. Nf1 Bb7 11. h4 a5 12. N1h2 b4 13. Ng5 1-0

[Event "Challenge"]
[Site "http://www.queenalice.com/game.php?id=472559"]
[Date "2008.10.4"]
[Round "-"]
[White "WALECKI"]
[Black "sirofa"]
[Result "1-0"]
[WhiteElo "1907"]
[BlackElo "2230"]

1. e4 c5 2. d3 Nc6 3. Nf3 g6 4. g3 Bg7 5. Bg2 d6 6. O-O Nf6 7. Nbd2 O-O 8. Re1
Qc7 9. Nf1 Be6 10. h4 Ng4 11. N3h2 Nxh2 12. Nxh2 1-0

[Event "AUTO-OPEN-1289"]
[Site "http://www.queenalice.com/game.php?id=472960"]
[Date "2008.10.4"]
[Round "1"]
[White "chaosagent"]
[Black "WALECKI"]
[Result "0-1"]
[WhiteElo "1644"]
[BlackElo "1894"]

1. e4 c6 2. d4 d5 3. Nc3 dxe4 4. Nxe4 Bf5 5. Ng3 Bg6 6. h4 h6 7. h5 Bh7 8. Nf3
Nd7 9. Bd3 Bxd3 10. Qxd3 e6 11. Bd2 Ngf6 12. O-O-O Be7 13. Rde1 O-O 14. Kb1 Qb6
15. Nf5 Bb4 16. Ne3 Bxd2 17. Qxd2 Nd5 18. Nc4 Qc7 19. Nce5 Nxe5 20. Nxe5 a5 21.
Qe2 a4 22. Qg4 a3 23. b3 Rad8 24. Nc4 b5 25. Nxa3 Ra8 26. Kb2 Qa5 27. Ra1 Qxa3+
28. Kb1 Nc3# 0-1

[Event "AUTO-OPEN-1289"]
[Site "http://www.queenalice.com/game.php?id=472961"]
[Date "2008.10.4"]
[Round "1"]
[White "WALECKI"]
[Black "chaosagent"]
[Result "0-1"]
[WhiteElo "1923"]
[BlackElo "1678"]

1. e4 e5 2. Nf3 Nc6 3. Bb5 a6 4. Ba4 Nf6 5. Qe2 b5 6. Bb3 Bb4 7. a4 bxa4 8. Bxa4
O-O 9. O-O Bb7 10. d3 a5 11. Bg5 h6 12. Bh4 Re8 13. c3 Bc5 14. Nbd2 Be7 15. Bb3
d5 16. Bxf6 Bxf6 17. Bxd5 Rb8 18. Nc4 Qd7 19. Bxc6 Bxc6 20. Rxa5 Red8 21. Ncxe5
Qe6 22. Nxc6 Qxc6 23. Rfa1 Qd6 24. d4 Qb6 25. b4 Qc6 26. Qe1 Qc4 27. h3 Re8 28.
Rc5 Qe6 29. e5 Be7 30. Rxc7 Rbc8 31. Rxc8 Rxc8 32. Qd2 Qb3 33. Rc1 g5 34. Qd3
Qb2 35. Qc2 Qa3 36. b5 Rc4 37. b6 Rc8 38. c4 Qa6 0-1

[Event "AUTO-OPEN-1289"]
[Site "http://www.queenalice.com/game.php?id=472972"]
[Date "2008.10.4"]
[Round "1"]
[White "WALECKI"]
[Black "aureliano"]
[Result "1-0"]
[WhiteElo "1500"]
[BlackElo "1461"]

1. e4 e5 2. Nf3 Nf6 3. Nxe5 Qe7 4. d4 Nxe4 5. Bd3 d5 6. O-O Qe6 7. f3 Nf6 8. Re1
Bd6 9. Ng6 hxg6 10. Rxe6+ Bxe6 11. h3 Nc6 12. Bb5 g5 13. Bxg5 Nh5 14. Nd2 f6 15.
Bh4 Nf4 16. Bf2 Rh6 17. Nf1 Rg6 18. Bg3 Nh5 19. Bxd6 cxd6 20. Kf2 Nf4 21. Ne3 a6
22. Bxc6+ bxc6 23. Ng4 a5 24. Qd2 Nh5 25. Re1 f5 26. Ne3 a4 27. Nxf5 Kf8 28.
Nxd6 Rb8 29. Re5 Ng3 30. Qf4+ Ke7 31. Qf7+ Kxd6 32. Qxg6 Ne4+ 33. fxe4 Rf8+ 34.
Ke3 Rf6 35. Qxg7 Rf1 36. Rxe6+ Kxe6 37. exd5+ cxd5 38. Qe5+ Kf7 39. Qxd5+ Kg6
40. Qc6+ Kg5 41. Qb5+ Rf5 42. Qxf5+ Kxf5 43. g4+ Kg5 44. d5 Kh4 45. d6 Kxh3 46.
d7 Kxg4 47. d8=Q Kg3 48. Qg8+ Kh2 49. Kf2 Kh3 50. Qg3# 1-0

[Event "AUTO-OPEN-1296"]
[Site "http://www.queenalice.com/game.php?id=475071"]
[Date "2008.10.9"]
[Round "1"]
[White "Wecker"]
[Black "WALECKI"]
[Result "0-1"]
[WhiteElo "1706"]
[BlackElo "1754"]

1. Nf3 Nf6 2. Nc3 Nc6 3. e4 e5 4. Bb5 a6 5. Ba4 b5 6. Bb3 Be7 7. Nd5 Na5 8. Nxe5
Nxb3 9. cxb3 Nxd5 10. Nxf7 Kxf7 11. Qh5+ Kf8 12. Qxd5 c6 13. Qf5+ Bf6 14. d4 d6
15. O-O Bxf5 0-1

[Event "AUTO-OPEN-1296"]
[Site "http://www.queenalice.com/game.php?id=475072"]
[Date "2008.10.9"]
[Round "1"]
[White "WALECKI"]
[Black "Wecker"]
[Result "1-0"]
[WhiteElo "1813"]
[BlackElo "1660"]

1. e4 e5 2. Nf3 Nc6 3. Bb5 Bc5 4. O-O Nd4 5. Nxd4 Bxd4 6. c3 c6 7. cxd4 cxb5 8.
d5 Nf6 9. d3 d6 10. Bg5 O-O 11. Nd2 Bd7 12. Rc1 b4 13. b3 Bb5 14. Nf3 a5 15. Re1
Rc8 16. Rxc8 Qxc8 17. Bxf6 gxf6 18. Nh4 Re8 19. Nf5 Bd7 20. Qg4+ 1-0

[Event "AUTO-OPEN-1296"]
[Site "http://www.queenalice.com/game.php?id=475093"]
[Date "2008.10.9"]
[Round "1"]
[White "chess2009"]
[Black "WALECKI"]
[Result "1-0"]
[WhiteElo "1433"]
[BlackElo "1882"]

1. e4 c6 2. Qh5 Nf6 3. Qf3 e5 4. Bd3 Be7 5. Bc4 O-O 6. h4 d5 7. exd5 cxd5 8. Bb3
Nc6 9. d3 Bg4 10. Qe3 e4 11. f3 exf3 12. gxf3 Re8 13. Kf1 Bb4 14. Qf2 Re1+ 15.
Kg2 Rxc1 16. fxg4 Qd7 17. Qf3 Qxg4+ 18. Qxg4 Nxg4 19. Nh3 Rxh1 20. Kxh1 Nf6 21.
a3 Be1 22. Nc3 Bxc3 23. bxc3 Re8 24. Rb1 Re5 25. Nf2 d4 26. cxd4 Nxd4 27. Bc4
1-0

[Event "AUTO-OPEN-1296"]
[Site "http://www.queenalice.com/game.php?id=475094"]
[Date "2008.10.9"]
[Round "1"]
[White "WALECKI"]
[Black "chess2009"]
[Result "0-1"]
[WhiteElo "1963"]
[BlackElo "1415"]

1. e4 e5 2. Nf3 Nc6 3. Bb5 a6 4. Ba4 b5 5. Bb3 h6 6. O-O Nf6 7. Re1 g5 8. c3 Bb7
9. d3 g4 10. Nh4 Be7 11. Nf5 Bc8 12. Bxh6 d6 13. Ng7+ Kd7 14. Nf5 Qg8 15. Bg7
Rh5 16. Bxf6 Bxf6 17. Nd2 Ke8 18. Bd5 Bb7 19. Nf1 Rb8 20. N1g3 Rg5 21. Nh6 Qg7
22. Ngf5 Qf8 23. Nxg4 Bh8 24. Qf3 Ne7 25. Nxe7 Qxe7 26. Bxb7 Rxb7 27. Qh3 Bg7
28. Rf1 Qe6 29. f3 Rg6 0-1

[Event "AUTO-OPEN-1296"]
[Site "http://www.queenalice.com/game.php?id=475105"]
[Date "2008.10.9"]
[Round "1"]
[White "Bixu"]
[Black "WALECKI"]
[Result "0-1"]
[WhiteElo "1703"]
[BlackElo "1848"]

1. e4 c6 2. e5 d5 3. exd6 exd6 4. Bc4 Nf6 5. Qf3 d5 6. Bd3 Bd6 7. Qe3+ Be6 8.
Bf5 O-O 9. Bxe6 Re8 10. Qb3 Rxe6+ 11. Ne2 Nbd7 12. Qxb7 Qe8 13. Nc3 d4 14. O-O
dxc3 15. Nxc3 Re1 16. Qxc6 Bxh2+ 17. Kxh2 Rxf1 18. f3 Qe5+ 19. Kh3 Rh1# 0-1

[Event "AUTO-OPEN-1296"]
[Site "http://www.queenalice.com/game.php?id=475106"]
[Date "2008.10.9"]
[Round "1"]
[White "WALECKI"]
[Black "Bixu"]
[Result "0-1"]
[WhiteElo "1963"]
[BlackElo "1758"]

1. e4 e5 2. Nf3 Nc6 3. Bb5 Nd4 4. Nxd4 exd4 5. O-O Qh4 6. d3 Bd6 7. g3 Qh3 8. e5
Bxe5 9. Re1 c6 10. Rxe5+ Ne7 11. Qe2 O-O 12. Rxe7 g6 13. Ba4 d5 14. Bf4 Bg4 15.
f3 Be6 16. Nd2 b5 17. Bb3 a5 18. a3 a4 19. Ba2 h5 20. Re1 Rae8 21. Rxe8 Rxe8 22.
Bh6 Qf5 23. Qe5 Qxe5 24. Rxe5 Kh7 25. Bg5 Kg7 26. Re1 f6 27. Bf4 g5 28. Bd6 Kg6
0-1